Zákon v súčasnosti zabezpečuje 40,3 perc. príjmov zo štátneho rozpočtu
Novela zákona Národnej rady SR o daniach z príjmov obsahuje oproti doteraz platnému zákonu rad spresňujúcich ustanovení, ktorých vplyv na príjmy štátneho rozpočtu sa prejaví po roku 2000. Navrhované zmeny a úpravy zákona sa v roku 2000 plne prejavia iba na dani z príjmov fyzických osôb. Porovnanie n...
Salvato in:
| Natura: | Capitolo di libro |
|---|---|
| Lingua: | slovacco |
| Soggetti: | |
| Tags: |
Nessun Tag, puoi essere il primo ad aggiungerne!!
|
MARC
| LEADER | 00000naa a2200000 4500 | ||
|---|---|---|---|
| 001 | r036601 | ||
| 005 | 20230824102230.8 | ||
| 041 | 0 | |a slo | |
| 044 | |a SK | ||
| 245 | 1 | 0 | |a Zákon v súčasnosti zabezpečuje 40,3 perc. príjmov zo štátneho rozpočtu |
| 520 | |a Novela zákona Národnej rady SR o daniach z príjmov obsahuje oproti doteraz platnému zákonu rad spresňujúcich ustanovení, ktorých vplyv na príjmy štátneho rozpočtu sa prejaví po roku 2000. Navrhované zmeny a úpravy zákona sa v roku 2000 plne prejavia iba na dani z príjmov fyzických osôb. Porovnanie navrhovanej úpravy zákona o daniach z príjmov so súčasným stavom. Vplyv na štátny rozpočet. Zmeny pre fyzické a právnické osoby. Základné zásady dane z príjmov. | ||
| 610 | 2 | 0 | |a dane z príjmov |
| 610 | 2 | 0 | |a novelizácia |
| 610 | 2 | 0 | |a osoby fyzické |
| 610 | 2 | 0 | |a osoby právnické |
| 610 | 2 | 0 | |a rozpočet štátny |
| 610 | 2 | 0 | |a zdaňovanie |
| 610 | 2 | 0 | |a sadzby daňové |
| 610 | 2 | 0 | |a úpravy právne |
| 610 | 2 | 0 | |a Slovensko |